| 000 | 01895nam0a2200397 4500 | ||
|---|---|---|---|
| 001 | RU\NLR\bibl\582715 | ||
| 005 | 20250610140053.0 | ||
| 010 |
_a5-7905-2387-0 _bРоссия _95000 |
||
| 021 |
_aRU _b2004-32503 _91634 |
||
| 035 | _aRSL-KNO-002439962 | ||
| 035 | _a(NLR Aleph) 000574709 | ||
| 090 |
_a1614712 _c1614712 |
||
| 100 | _a20040603d2004 |||y0rusy50 ca | ||
| 101 | 0 |
_arus _ceng |
|
| 102 | _aRU | ||
| 105 | _ay ||||||||| | ||
| 106 | _ar | ||
| 200 | 1 |
_aНе переживайте по пустякам... в любви _dDon't sweat the small stuff in love _fРичард и Кристин Карлсон _g[пер. с англ. И. Литвиновой] _zeng |
|
| 210 |
_aМ. _cРипол Классик _d2004 _eГУП ИПК Ульян. Дом печати |
||
| 215 |
_a348, [1] с. _d20 |
||
| 225 | 1 | _aСоветы Карлсона | |
| 225 | 1 | _aНе переживайте по пустякам... | |
| 300 | _aАвт. также на англ. яз.: Dr. Richard Carlson, Cristine Carlson | ||
| 510 | 0 |
_aDon't sweat the small stuff in love _zeng |
|
| 606 | 0 |
_aСемья и брак _xСоциально-психологические исследования _92075079 _3RU\NLR\auth\661250120 |
|
| 610 | 0 | _aПсихология --Социальная психология -- Психология семьи и быта -- Социально-психологические проблемы семьи -- Внутрисемейные и внесемейные отношения -- Внутрисемейные отношения | |
| 686 |
_aЮ956-994-06,0 _2rubbk |
||
| 686 | _aС550.53 | ||
| 700 | 1 |
_aКарлсон _bР. _f1961- _gРичард _4070 |
|
| 701 | 1 |
_aКарлсон _bК. _gКристин _4070 |
|
| 801 | 0 |
_aRU _bRuMoRKP _c20040603 _grcr |
|
| 801 | 1 |
_aRU _bRuMoRGB _c20040603 |
|
| 801 | 2 |
_aRU _bNLR _c20041214 _gPSBO |
|
| 942 | _cBOOK | ||
| 980 | _aNB | ||